000 00712nam a22002177a 4500
999 _c7
_d7
003 AR-CdUCM
008 190220b ||||| |||| 00| 0 spa d
040 _aMUNICIPALIDAD PROVINCIAL DEL CUSCO
_cBIBLIOTECA MUNICIPAL DEL CUSCO
082 _a869.56 /
_bP75
100 _aPolar, Mario
_932
245 _aEstampas Humanas /
_cPolar, Mario
260 _aLima :
_bDesa,
_c1971.
300 _a188 páginas ;
_c20 cm.
505 _aJuan Tevar Abigeo asesino y funcionario -- Alfredo - Venganza de Agustín -- El Job que se llamaba Josue.
650 _aCuentos Peruanos.
_933
650 _aSiglo XX.
_98
650 _aCuentos de costumbres.
_934
650 _aPerú.
_935
942 _2ddc
_cLIBROS
945 _admma
_d2019-02-20